Biblioteca

La salvación viene de nuestro Dios (Registro nro. 68452)

Detalles MARC
000 -LÍDER
Campo fijo de descripción fija 01389nam a2200337 i 4500
001 - NÚMERO DE CONTROL
Campo de control 768714001
003 - IDENTIFICADOR DEL NÚMERO DE CONTROL
Campo de control CO-MdFUSB
005 - FECHA Y HORA DE LA ULTIMA TRANSACCIÓN
control field 20230317131302.0
007 - CAMPO FIJO DE DESCRIPCIÓN FIJA--INFORMACIÓN GENERAL
Campo fijo de descripción fija ta
008 - ELEMENTOS DE LONGITUD FIJA -- INFORMACIÓN GENERAL
Campo fijo de descripción fija -- Información general 230227t2022 pe |||| |||| 00| 0 spa d
020 ## - NÚMERO INTERNACIONAL NORMALIZADO PARA LIBROS
Número Internacional Normalizado del libro 9786125026224
040 ## - FUENTE DE CATALOGACIÓN
Agencia de catalogación original CO-MdFUSB
Idioma de catalogación spa
Agencia que realiza la transcripción CO-MdFUSB
Agencia que realiza la modificación CO-MdFUSBC
Convenciones de la descripción rda
041 ## - CÓDIGO DE IDIOMA
Código de idioma para texto/pista de sonido o título separado spa
Código de idioma original eng
082 ## - NÚMERO DE CLASIFICACIÓN DECIMAL DEWEY
Número de la edición del Dewey 23
Número de clasificación 234
Clave de autor-Numero de item W948
100 ## - ASIENTO PRINCIPAL--NOMBRE PERSONAL
Nombre personal Wright, Christopher J. H.
Fechas asociadas con el nombre 1947-
Término relacionador autor
240 ## - TITULO UNIFORME
Título uniforme <a href="Salvation belongs to our God: celebrating the Bible´s central story">Salvation belongs to our God: celebrating the Bible´s central story</a>
245 13 - TÍTULO
Título del Material La salvación viene de nuestro Dios
Parte restante del título - Subtitulo : celebrando el mensaje central de la Biblia
Mención de responsabilidad, etc. / Christopher J. H. Wright
264 #1 - PRODUCCIÓN, PUBLICACIÓN, DISTRIBUCIÓN, MANUFACTURA, Y COPYRIGHT
Lugar de producción, publicación, distribución, manufactura Lima, Perú :
Nombre del productor, publicador, distribuidor Ediciones Puma,
Fecha de producción, publicación, distribución, manufactura, o copyright [2022]
264 #4 - PRODUCCIÓN, PUBLICACIÓN, DISTRIBUCIÓN, MANUFACTURA, Y COPYRIGHT
Fecha de producción, publicación, distribución, manufactura, o copyright © 2022
300 ## - DESCRIPCIÓN FÍSICA
Extensión 209 páginas
Dimensiones ; 23 cm
336 ## - TIPO DE CONTENIDO
Fuente rdacontent
Término de tipo de contenido texto
Código de tipo de contenido txt
337 ## - TIPO DE MEDIO
Fuente rdamedia
Nombre del tipo de medio sin mediación
Código del tipo de medio n
338 ## - TIPO DE SOPORTE
Fuente rdacarrier
Nombre del tipo de soporte volumen
Código Tipo de soporte nc
490 ## - MENCIÓN DE SERIE
Mención de serie Recursos Langham Predicación
505 ## - NOTA DE CONTENIDO
Nota de contenido con formato preestablecido La salvación y la necesidad humana. -- La salvación y la identidad única de Dios. -- La salvación y la bendición de Dios por medio del pacto. -- La salvación y la historia del pacto de Dios. -- La salvación y nuestra experiencia. -- La salvación y la soberanía de Dios. -- La salvación y el Cordero de Dios.
563 ## - NOTA DE ENCUADERNACIÓN
Nota de encuadernación Rústico
650 #7 - ASIENTO SECUNDARIO DE MATERIA - TERMINO TEMÁTICO
9 (RLIN) 385
Término temático o nombre geográfico como elemento de entrada Religión
650 #0 - ASIENTO SECUNDARIO DE MATERIA - TERMINO TEMÁTICO
9 (RLIN) 1269
Término temático o nombre geográfico como elemento de entrada Hombres (Teología cristiana)
942 ## - TIPO DE MATERIAL (KOHA)
Tipo de Item KOHA Libros General
945 ## - INFORMACIÓN LOCAL DEL REGISTRO
Catalogador JTF-925
Existencias
Estado de Material Estado de Perdido Forma de Clasificación Estado de Dañado No para Préstamo Colección Biblioteca de Origen Biblioteca Permanente Fecha de Adquisición Área Total de Préstamos Signatura Topográfica Código de Barras Última vez visto Ejemplar/Existencia Fecha de Remplazo Tipo de Material
    Dewey Decimal Classification     Colección General Biblioteca FUSBC Biblioteca FUSBC 27/02/2023 RELIGIÓN - RELIGIONES   G 234 W948s 24422 17/08/2023 Ej. 1 27/02/2023 Libros General

Biblioteca FUSBC | Teléfono: (57+4) 349 88 10 Ext. 141| WhatsApp (+57) 3005338115 
E-mail: biblioteca@unisbc.edu.co | Calle 76 87-14 Robledo Palenque, Medellín, Colombia

Con tecnología Koha